El Maniqueísmo: Textos y fuentes
Збережено в:
| Автори: | , |
|---|---|
| Формат: | Книга |
| Мова: | Іспанська |
| Опубліковано: |
Madrid
Trotta
2008
|
| Предмети: | |
| Теги: |
Додати тег
Немає тегів, Будьте першим, хто поставить тег для цього запису!
|
MARC
| LEADER | 00000nam a2200000 a 4500 | ||
|---|---|---|---|
| 001 | UCH2891 | ||
| 003 | CL-VaPUC | ||
| 008 | 090702e20080000SP |||||||||||||||||spa|d | ||
| 020 | |a 9788481649901 | ||
| 082 | 0 | 4 | |a 299.932 |b BER |2 21 |
| 100 | 0 | |a Bermejo Rubio, Fernando |e author |9 537954 | |
| 700 | 0 | |a Montserrat Torrents, José |e author |9 537955 | |
| 245 | 1 | 3 | |a El Maniqueísmo: Textos y fuentes |
| 300 | |a 563 p | ||
| 942 | |c BK | ||
| 945 | |d 20090702 00:00:00 |a dcastane | ||
| 260 | |a Madrid |b Trotta |c 2008 | ||
| 650 | 0 | |a Maniqueísmo |9 322041 | |
| 650 | 7 | |a DUALISMO TEOLOGIA |2 CL-VaPUC |9 322042 | |
| 650 | 7 | |a SECTAS CRISTIANAS |2 CL-VaPUC |9 537956 | |
| 583 | |a last modification |c 20090702 00:00:00 |k Rodrigo Vera | ||
| 999 | |c 334552 |d 334550 | ||
| 952 | |0 0 |1 0 |4 0 |6 299_932000000000000_BER_2008 |7 0 |8 A |9 423652 |a BIBTEO |b BIBTEO |d 2019-11-22 |i 4569261 |o 299.932 BER 2008 |p 4569261 |r 2025-01-17 |w 2019-11-22 |y BK |k ICR | ||